Logo BPK

Biblioteka

Politechniki Koszalińskiej

Przegląd mikrobiologii lekarskiej / (Rekord nr 29440)

Szczegóły MARC
000 -ETYKIETA REKORDU
podpole kontrolne o stałej długości 00537nam a2200193 i 4500
001 - NUMER KONTROLNY REKORDU
pole kontrolne bg
040 ## - ŹRÓDŁO KATALOGOWANIA
Instytucja, która utworzyła rekord BPK
041 ## - KOD JĘZYKA
Kod języka tekstu pol
080 ## - UNIWERSALNA KLASYFIKACJA DZIESIĘTNA - UKD
UKD 61
080 ## - UNIWERSALNA KLASYFIKACJA DZIESIĘTNA - UKD
UKD 576.8
008 - POLE O STAŁEJ DŁUGOŚCI - DANE KONTROLNE
podpole kontrolne o stałej długości s pl f |000 0 pol
100 1# - NAZWA OSOBOWA
Nazwa osobowa Jawetz, Ernest.
245 10 - TYTUŁ/ODPOWIEDZIALNOŚĆ
Tytuł Przegląd mikrobiologii lekarskiej /
Pozostałe elementy strefy tytułu i oznaczenia odpowiedzialności E. Jawetz, J.L. Melnick, E.A. Adelberg.
260 ## - STREFA ADRESU WYDAWNICZEGO
Miejsce wydania Warszawa :
Nazwa wydawcy/dystrybutora Państwowe Zakłady Wydawnictw Lekarskich,
Data publikacji, dystrybucji/powstania dokumentu 1991.
650 #4 - HASŁO PRZEDMIOTOWE W FORMIE NAZWY OGÓLNEJ LUB JEDNOSTKOWEJ
Nazwa ogólna lub geograficzna Mikrobiologia lekarska
700 1# - HASŁO DODATKOWE - NAZWA OSOBOWA
Nazwa osobowa Melnick, Joseph L.
700 1# - HASŁO DODATKOWE - NAZWA OSOBOWA
Nazwa osobowa Adelberg, Edward A.
856 ## - LOKALIZACJA I DOSTĘP DO ELEKTRONICZNYCH DOKUMENTÓW ZDALNYCH
Link (URL) http://koha.tu.koszalin.pl/cgi-bin/koha/opac-detail.pl?biblionumber=29440
Tekst linku Katalog online BPK
942 ## - DODATKOWE ELEMENTY (KOHA)
Typ dokumentu Książka
Egzemplarze
Wycofany Status egzemplarza Uszkodzony Dostępność Lokalizacja stała Lokalizacja bieżąca Miejsce przechowywania Sygnatura Kod kreskowy Status: wypożyczony Ostatnio wypożyczono Typ dokumentu
      Dostępny Biblioteka Politechniki Koszalińskiej Biblioteka Politechniki Koszalińskiej Wypożyczalnia BG 35609 01214598 13.05.2027 13.05.2026 Książka
© 2023 Biblioteka Politechniki Koszalińskiej :: KOHA